Responses for show #3880 - Friday, June 15, 2001

Contestants

Kara Miller, a graduate student from Carlisle, Massachusetts

Sam Meyer, a video editor from Atlanta, Georgia

Liam Healy, an attorney from Needham, Massachusetts

Jeopardy! Round responses

FACES IN HISTORY
MOTTOES & SLOGANS
THE OLD WEST
CANDY NAMES
NETWORKING
IT'S ALL "HOO" YOU KNOW
    $100 10
Aaron Burr

Kara
    $100 1
The Marines

Sam
    $100 15
Wyatt Earp

Sam
    $100 5
Mr. Goodbar

Sam
    $100 24
(minute to go...)

PBS

Sam
    $100 7
Hooters

Sam
    $200 11
(L: Who was Louisa May Alcott?)

Harriet Beecher Stowe ("Uncle Tom's Cabin")

Liam
Triple Stumper
    $200 2
Direct

Liam
    $200 16
(K: Who was Custer?)

Crazy Horse

Kara
Triple Stumper
    $200 19
"The Three Musketeers"

Kara
    $200 25
The Food Network

Kara
    $200 8
(K: What is a hoedown?)

Hootenanny

LiamKara
    $300 12
Walter Mondale

Liam
    $300 3
(L: What is "It Never Rains, but it Pours?")

"When it Rains, it Pours"

Liam
Triple Stumper
    $300 17
Wild Bill Hickok

Sam
    $300 23
(L: What is Jolly Roger?)

Snickers

Liam
Triple Stumper
    $300 28
CNN

Liam
    $300 9
Cahoots

Kara
    $400 20
Morris Udall

Kara
    $500 4
(L: What is "The Glory?")

the "Glory of God"

Liam
    $400 18
Sitting Bull

Triple Stumper
    $400 30
Pay Day

Liam
    $400 27
Comedy Central

Kara
    $400 13
Hoop skirt

Sam
    $500 21
Casimir Pulaski

Sam
    $500 6
Work (arbeit)

Sam
    $500 22
(K: Who was Geronimo?)

Cochise

Kara
Triple Stumper
    $500 29
Milky Way

Liam
    $500 26
Cartoon Network

Sam
    $500 14
(L: What is a hooker?)

Hookah

LiamSam

Scores at the first commercial break (after clue 15):

Liam Sam Kara
-$800 $1,800 $200

Scores at the end of the Jeopardy! Round:

Liam Sam Kara
$100 $3,200 $700

Double Jeopardy! Round responses

AFRICAN WILDLIFE
STATELY FIRST NAMES
IT'S A LONG STORY
BIG SCREEN BIOGRAPHIES
"P"LACES
HELP ME WITH THIS CROSSWORD!
    $200 16
(K: What is a rhinoceros?)

Elephant

SamKara
    $200 11
Washington Irving

Triple Stumper
    $200 24
War And Peace

Kara
    $200 6
Tina Turner

Kara
    $200 1
Philadelphia

Liam
    $200 26
Doom

Liam
    $400 17
Cheetah

Liam
    $400 12
Indiana Jones

Sam
    $400 21
Scotland

Sam
    $400 7
Harry Houdini

Liam
    $400 2
Punjab

Liam
    $400 27
Feldspar

Sam
    $600 18
Gnu

Liam
    $600 13
Tennessee Williams

Sam
    $600 22
Once upon a time

Sam
    $600 8
Jackson Pollock

Kara
    $600 3
Phnom Penh

Liam
    $600 28
Belly

Triple Stumper
    $800 19
Penguins

Liam
    $800 14
Minnesota Fats

Liam
    $800 23
"Little Dorrit"

Liam
    $800 9
Christopher Columbus

Kara
    $800 4
Paraguay

Kara
    $800 29
Priam

Sam
    $1000 20
Aardvark

Sam
    $700 15
Virginia Woolf

Liam
    $1000 25
Clarissa

Kara
    $1000 10
Jim Thorpe

Liam
    $1000 5
Provence

Sam
    $1000 30
Frisson

Sam

Scores at the end of the Double Jeopardy! Round:

Liam Sam Kara
$7,000 $9,600 $4,100

[wagering suggestions for these scores]

Final Jeopardy! Round responses

NAMES IN THE NEWS
KaraWho is Shaquille O'Neill?
$4,000
LiamWho is Larry Bird?
$7,000
SamWho is Manning?
$4,401
Shaquille O'Neal

Final scores:

Liam Sam Kara
$0 $5,199 $8,100
3rd place: a Skagen Denmark shopping spree 2nd place: a trip to Bal Harbour, Florida New champion: $8,100

Game dynamics:

Coryat scores:

Liam Sam Kara
$7,800 $9,600 $4,100
18 R
(including 2 DDs),
5 W
(including 1 DD)
21 R,
0 W
12 R,
4 W

Combined Coryat: $21,500

The J! Archive is created by fans, for fans. The Jeopardy! game show and all elements thereof, including but not limited to copyright and trademark thereto, are the property of Jeopardy Productions, Inc. and are protected under law. This website is not affiliated with, sponsored by, or operated by Jeopardy Productions, Inc. Join the discussion at JBoard.tv.